|
|
|
|
| LEADER |
00000nab a2200000 ar4500 |
| 001 |
vtls008963688 |
| 003 |
SK-MaSNL |
| 005 |
20260303070755.0 |
| 008 |
070413c2006 xo |||||||||||000 b|slo |
| 015 |
|
|
|a SNBRB2007/04
|2 snkbucl
|
| 038 |
|
|
|a SNKBUCL
|
| 040 |
|
|
|a SNKBUCL
|b slo
|c SNKBUCL
|e AACR2
|
| 041 |
0 |
|
|a slo
|
| 044 |
|
|
|a xo
|c SK
|
| 080 |
|
|
|a 54-051
|2 1997
|
| 080 |
|
|
|a 37-051
|2 1997
|
| 080 |
|
|
|a 929 Rode, Bernd Michael
|2 1997
|
| 100 |
1 |
|
|a Remko, Milan,
|d 1948-
|4 aut
|9 197014
|
| 245 |
1 |
0 |
|a Profesor Dr. DDDr.h.c. Bernd Michael Rode ocenený medailou SCHS
|c M. Remko, J. Bujdák
|
| 300 |
|
|
|b Fotogr.
|
| 600 |
1 |
7 |
|a Rode, Bernd Michael
|d 1946-
|2 snkbucl
|9 1068657
|
| 700 |
1 |
|
|a Bujdák, Juraj,
|d 1965-
|4 aut
|9 12383
|
| 773 |
0 |
|
|t ChemZi
|g Roč. 2, č. 2 (2006), s. 66
|x 1336-7242
|
| 852 |
|
|
|a SNK
|b KIS3GCP
|
| 958 |
|
|
|a BC
|
| 958 |
|
|
|a AT
|
| 999 |
|
|
|c 1756867
|d 1758797
|